| 000 | 00589nam a2200205 4500 | ||
|---|---|---|---|
| 001 | 120884 | ||
| 003 | ES-MaACL | ||
| 005 | 20250111062531.0 | ||
| 007 | t| | ||
| 008 | 070214s1986 sp r ||||1| spa d | ||
| 020 | _a84-339-1734-X | ||
| 100 | 1 |
_aPombo, Álvaro. _9138657 |
|
| 245 | 1 | 4 |
_aLos delitos insignificantes / _cAlvaro Pombo. |
| 260 |
_aBarcelona : _bAnagrama, _c1986. |
||
| 300 |
_a199 p. ; _c20 cm. |
||
| 490 | 1 |
_aNarrativas hispánicas ; _v34 |
|
| 830 | 0 | 0 |
_aNarrativas hispánicas (Anagrama) _v34 _9178124 |
| 852 |
_aES-MaACL _jL-11148 _bR.112435 |
||
| 999 |
_c120884 _d120884 |
||